000 01373nam a2200373 i 4500
001 5501
003 KOSZ 005
005 20200117111229.0
008 960808s1992 pl a |000 0 pol
020 _a8370063047
040 _cKOSZ 005
_aKOSZ 005
_dKOSZ 005/HR
041 1 _apol
_heng
046 _k1989
080 _a339.138
100 1 _aHingston, Peter
_eAutor
245 1 0 _aWielka księga marketingu /
_cPeter Hingston ; [przeł. Marzena Perek].
246 1 _iTyt. oryg.:
_aGreatest sales and marketing book
260 _aKraków :
_b"Signum" :
_bInstytut Przemysłowo-Handlowy im. Mirosława Dzielskiego. Fundacja Krakowskiego Towarzystwa Przemysłowego,
_c1992.
300 _a241, [3] strony :
_bilustracje, fotografie, wykresy ;
_c21 cm
336 _2rdacontent
_aTekst
_btxt
337 _2rdamedia
_aBez urządzenia pośredniczącego
_bn
338 _2rdacarrier
_aWolumin
_bnc
380 _aKsiążki
388 _a1901-2000
490 1 _aWprowadzenie do Biznesu
504 _aIndeks.
650 4 _aMarketing
658 _aZarządzanie i marketing
700 1 _aPerek, Marzena
_eTłumaczenie
710 2 _aSpołeczny Instytut Wydawniczy Znak
830 0 _aWprowadzenie do Biznesu
856 _uhttp://koha.tu.koszalin.pl/cgi-bin/koha/opac-detail.pl?biblionumber=5501
_yKatalog online BPK
942 _cKS
_2UKD
999 _c5501
_d5501